Statistics for Prefectures of Honshu, Japan (with a map)

Click here to take the quiz!

General Stats

  • This quiz has been taken 113 times
  • The average score is 27 of 34

Answers on the Map

Answers color-coded by a green-red scale on the quiz's map according to % correct below.
 

Answer Stats

都道府県% Correct
Tokyo
95%
Osaka
94%
Hiroshima
93%
Kyoto
93%
Fukushima
89%
Aomori
88%
Chiba
88%
Nara
84%
Akita
83%
Gifu
83%
Gunma
83%
Niigata
83%
Saitama
83%
Yamaguchi
80%
Aichi
79%
Hyogo
79%
Mie
78%
Nagano
78%
Wakayama
78%
Yamagata
78%
Ibaraki
76%
Miyagi
76%
Iwate
75%
Kanagawa
75%
Tottori
75%
Fukui
74%
Shizuoka
74%
Toyama
73%
Okayama
71%
Shiga
69%
Ishikawa
68%
Yamanashi
68%
Shimane
65%
Tochigi
65%

Score Distribution

Percentile by Number Answered

Percent of People with Each Score

Your Score History

You have not taken this quiz